| 000 | 02030nam a2200409 i 4500 | ||
|---|---|---|---|
| 001 | ebr10805750 | ||
| 003 | CaPaEBR | ||
| 006 | m o d | ||
| 007 | cr cn||||||||| | ||
| 008 | 101229t20112011njua ob 001 0 eng|d | ||
| 020 | _z9781556428678 (alk. paper) | ||
| 020 | _z1556428677 (alk. paper) | ||
| 020 | _a9781617116797 (e-book) | ||
| 040 |
_aCaPaEBR _beng _erda _epn _cCaPaEBR |
||
| 035 | _a(OCoLC)874814078 | ||
| 050 | 1 | 4 |
_aRE336 _b.C6325 2011eb |
| 082 | 0 | 4 |
_a617.7/19 _222 |
| 245 | 0 | 0 |
_aCornea and refractive atlas of clinical wisdom / _cedited by Samir A. Melki, MD, PhD, Mark A. Fava, MD, FRCSC. |
| 264 | 1 |
_aThorofare, NJ : _bSLACK Incorporated, _c[2011] |
|
| 264 | 4 | _c�2011 | |
| 300 |
_a1 online resource (272 pages) : _billustrations (some color) |
||
| 336 |
_atext _2rdacontent |
||
| 337 |
_acomputer _2rdamedia |
||
| 338 |
_aonline resource _2rdacarrier |
||
| 504 | _aIncludes bibliographical references and index. | ||
| 505 | 0 | _asection I. Imaging and diagnostics -- section II. Ocular surface disorders -- section III. Infectious diseases -- section IV. Inflammatory diseases -- section V. Neoplasia and epithelial downgrowth -- section VI. Dystrophies and degenerations -- section VII. Refractive surgery. | |
| 588 | _aDescription based on print version record. | ||
| 590 | _aElectronic reproduction. Palo Alto, Calif. : ebrary, 2013. Available via World Wide Web. Access may be limited to ebrary affiliated libraries. | ||
| 650 | 0 |
_aCornea _xDiseases _vAtlases. |
|
| 650 | 0 |
_aEye _xRefractive errors _vAtlases. |
|
| 655 | 0 | _aElectronic books. | |
| 700 | 1 |
_aMelki, Samir A., _d1965- _4edt |
|
| 700 | 1 |
_aFava, Mark A., _d1972- _4edt |
|
| 776 | 0 | 8 |
_iPrint version: _tCornea and refractive atlas of clinical wisdom. _dThorofare, NJ : SLACK Incorporated, [2011] _hxvi, 249 pages ; 29 cm _z9781556428678 _w(OCoLC)ocn694600468 _w(DLC)10805750 |
| 797 | 2 | _aebrary. | |
| 856 | 4 | 0 |
_uhttp://site.ebrary.com/lib/rucke/Doc?id=10805750 _zAn electronic book accessible through the World Wide Web; click to view |
| 999 |
_c146466 _d146466 |
||